skbl

Dr Suryya Kumar Bhuyan Library Web-OPAC
ডঃ সূৰ্য্য
কুমাৰ ভূঞা পুথিভঁৰাল ৱেব-অ'পেক

All Research Scholars are advised to clear the annual library fees to continue using Library Resources, Remote Access, Plagiarism Test and Library Clearance.

Cotton University Book Fair 2026

Asamiya kabi aru kabita (Record no. 63808)

MARC details
000 -LEADER
fixed length control field 00622nam a2200181Ia 4500
001 - CONTROL NUMBER
control field 62701
008 - FIXED-LENGTH DATA ELEMENTS--GENERAL INFORMATION
fixed length control field 180109n ii |||gr||||Z||||||asm
082 ## - DEWEY DECIMAL CLASSIFICATION NUMBER
Classification number 891.4109
100 ## - MAIN ENTRY--PERSONAL NAME
Personal name Hazarika, Karabi Deka,
Relator term Author.
245 #0 - TITLE STATEMENT
Title Asamiya kabi aru kabita
Statement of responsibility, etc. by Dr Karabi Deka Hazarika
Medium Textual Documents
260 ## - PUBLICATION, DISTRIBUTION, ETC.
Place of publication, distribution, etc. Assam
Name of publisher, distributor, etc. Banalata
300 ## - PHYSICAL DESCRIPTION
Extent 172p:
Dimensions 21cm.
500 ## - GENERAL NOTE
-- "
General note This book is a replaced copy of the book titled ""Naliniwala Devi"" by Dr Hemanta Kumar Sharma Borrowed by Monju Devi"
653 ## - INDEX TERM--UNCONTROLLED
Uncontrolled term Assamese
653 ## - INDEX TERM--UNCONTROLLED
Uncontrolled term Asamiya kabi, Asamiya kabita, Kabi aru kabita
653 ## - INDEX TERM--UNCONTROLLED
Uncontrolled term MS-Assamese
942 ## - ADDED ENTRY ELEMENTS (KOHA)
Source of classification or shelving scheme Dewey Decimal Classification
Koha item type Books
Holdings
Withdrawn status Lost status Damaged status Not for loan Collection Home library Current library Shelving location Date acquired Cost, normal purchase price Total checkouts Total renewals Full call number Barcode Date last seen Date last checked out Copy number Price effective from Koha item type
          Dr. Suryya Kumar Bhuyan Library Dr. Suryya Kumar Bhuyan Library   09/01/2018 60.00 2 1 891.4109 Ha 336 As 77173 27/08/2025 15/05/2025 1 09/01/2018 Books

Designed and Maintained by Team SKBL
©1901-2026

Powered by Koha